Obnova bytového fondu : [dôvod, termín, rozsah, náklady, efekty] /

Hlavní autor: Hromníková, Mária, 1940-
Korporativní autor: Slovenská technická univerzita (Bratislava, Slovensko). Katedra ekonomiky a riadenia stavebníctva
Jazyk: Slovenština
Vydáno: Bratislava : Vydavateľstvo STU, 2004
Edice: Edícia skrípt
Témata:
Fyzický popis: 150 s. : il. ; 30 cm
Language note: Anglické resumé
Knihy
Uloženo v:
LEADER 01966nam a2200517 a 4500
001 000780477
003 CZ BrMZK
005 20151023101359.0
007 ta
008 050624s2004 xo a fr 000 0 slo d
020 |a 80-227-2123-9  |q (brož.) 
040 |a BOA001  |b cze 
041 0 |a slo  |b eng 
072 7 |a 69  |x Stavebnictví  |2 Konspekt  |9 19 
080 |a 332.81  |2 MRF 
080 |a 69.059.3  |2 MRF 
080 |a 658.58  |2 MRF 
080 |a 005.8  |2 MRF 
080 |a 005.21  |2 MRF 
080 |a (048.8)  |2 MRF 
100 1 |a Hromníková, Mária,  |d 1940-  |7 mzk2003180557  |4 aut 
245 1 0 |a Obnova bytového fondu :  |b [dôvod, termín, rozsah, náklady, efekty] /  |c Mária Hromníková 
260 |a Bratislava :  |b Vydavateľstvo STU,  |c 2004 
300 |a 150 s. :  |b il. ;  |c 30 cm 
490 1 |a Edícia skrípt 
500 |a Obálkový podnázev: (Pro majitele i nájemníky) 
500 |a Terminologický slovník 
500 |a 200 výt. 
500 |a Podnázev z obálky 
504 |a Obsahuje bibliografii a bibliografické odkazy 
504 |a Obsahuje bibliografii 
541 |a Bratislava, Centrum vedecko-technických informácií SR 
546 |a Anglické resumé 
550 |a Vydavatel: Slovenská technická univerzita v Bratislave, Stavebná fakulta, Katedra ekonomiky a riadenia stavebníctva 
650 0 7 |a bytový fond  |7 ph114218  |2 czenas 
650 0 7 |a rekonstrukce staveb  |7 ph223709  |2 czenas 
650 0 7 |a opravy a údržba  |7 ph161659  |2 czenas 
650 0 7 |a projektový management  |7 ph115894  |2 czenas 
650 0 7 |a strategický management  |7 ph116291  |2 czenas 
655 7 |a monografie  |7 fd132842  |2 czenas 
710 2 |a Slovenská technická univerzita (Bratislava, Slovensko).  |b Katedra ekonomiky a riadenia stavebníctva  |7 mzk2005280372 
830 0 |a Edícia skrípt 
910 |a BOA001  |b 3-1154.800 
990 |a BK 
991 |b 200508  |c NOV 
996 7 |b 2610254803  |c 3-1154.800  |l MZK  |r Sklad / do 1 hodiny  |n 2  |p vým  |w 000780477  |u 000010  |a 1  |e BOA001  |j MZK50  |s A